Ulkomaankauppa 1985

Saved in:
Bibliographic Details
Format: Book
Language:Finnish
Published: Helsinky Tullihallitus 1986
Tags: Add Tag
No Tags, Be the first to tag this record!

MARC

LEADER 00000nam a2200000 4500
001 c103422
005 20251204070254.0
041 0 |a fin 
044 |a FI 
245 1 0 |a Ulkomaankauppa 1985 
264 1 |a Helsinky  |b Tullihallitus  |c 1986 
300 |a 267 s.